000 00290nam a22001217a 4500
008 170525b xxu||||| |||| 00| 0 eng d
041 _aeng
080 _24TH
_a621
100 _a26
101 _aIM
245 _aTHE THEORY AND PRACTICE OF REINFORCED CONCRETE
_cDUNHAM,C.W
942 _2udc
_cBK
999 _c14295
_d14295